Terraspark Boots - Terraria Crafting Tree - Statistics

General Stats
  • This quiz has been taken 140 times
  • The average score is 12 of 15
Answer Stats
Item % Correct
Hermes Boots
98%
Rocket Boots
94%
Terraspark Boots
93%
Ice Skates
92%
Aglet
90%
Lightning Boots
90%
Obsidian Skull
85%
Water Walking Boots
84%
Anklet of the Wind
83%
Lava Charm
81%
Spectre Boots
80%
Lava Waders
79%
Frostspark Boots
78%
Obsidian Rose
71%
Obsidian Water Walking Boots / Molten Charm
45%
No matching quizzes found
Score Distribution
Percent of People with Each Score
Percentile by Number Answered
Your Score History
You have not taken this quiz